Utah Jazz: Retired Numbers - Statistics

General Stats
  • This quiz has been taken 148 times
    32 since last reset
  • The average score is 5 of 11
Answer Stats
Number Player % Correct
32 Karl Malone
97%
12 John Stockton
94%
7 Pete Maravich
71%
53 Mark Eaton
61%
4 Adrian Dantley
58%
14 Jeff Hornacek
42%
1223 Jerry Sloan
35%
35 Darrell Griffith
29%
1 Frank Layden
10%
Microphone Hot Rod Hundley
3%
9 Larry Miller
3%
No matching quizzes found
Score Distribution
Percent of People with Each Score
Percentile by Number Answered
Your Score History
You have not taken this quiz since the last reset